Microfinance India : (Record no. 18598)
[ view plain ]
| 000 -LEADER | |
|---|---|
| fixed length control field | 01312cam a2200277 a 4500 |
| 001 - CONTROL NUMBER | |
| control field | 15956384 |
| 005 - DATE AND TIME OF LATEST TRANSACTION | |
| control field | 20141111132021.0 |
| 008 - FIXED-LENGTH DATA ELEMENTS--GENERAL INFORMATION | |
| fixed length control field | 091022s2009 ii ad frb 000 0 eng d |
| 010 ## - LIBRARY OF CONGRESS CONTROL NUMBER | |
| LC control number | 2009044879 |
| 020 ## - INTERNATIONAL STANDARD BOOK NUMBER | |
| International Standard Book Number | 9788132102984 (paper back) |
| 020 ## - INTERNATIONAL STANDARD BOOK NUMBER | |
| International Standard Book Number | 8132102983 (paper back) |
| 040 ## - CATALOGING SOURCE | |
| Original cataloging agency | DLC |
| Transcribing agency | DLC |
| Modifying agency | C#P |
| -- | DLC |
| -- | EG-ScBUE |
| 043 ## - GEOGRAPHIC AREA CODE | |
| Geographic area code | a-ii--- |
| 082 00 - DEWEY DECIMAL CLASSIFICATION NUMBER | |
| Classification number | 332.0954 |
| Edition number | 22 |
| Item number | SRI |
| 100 1# - MAIN ENTRY--PERSONAL NAME | |
| Personal name | Srinivasan, N. |
| 9 (RLIN) | 36490 |
| 245 10 - TITLE STATEMENT | |
| Title | Microfinance India : |
| Remainder of title | state of the sector report 2009 / |
| Statement of responsibility, etc | N. Srinivasan. |
| 260 ## - PUBLICATION, DISTRIBUTION, ETC. (IMPRINT) | |
| Place of publication, distribution, etc | New Delhi : |
| Name of publisher, distributor, etc | SAGE, |
| Date of publication, distribution, etc | 2009. |
| 300 ## - PHYSICAL DESCRIPTION | |
| Extent | xvi, 160 p. : |
| Other physical details | charts, tables ; |
| Dimensions | 28 cm. |
| 500 ## - GENERAL NOTE | |
| General note | Includes appendixes. |
| 504 ## - BIBLIOGRAPHY, ETC. NOTE | |
| Bibliography, etc | Includes bibliographical references. |
| 505 0# - FORMATTED CONTENTS NOTE | |
| Formatted contents note | Overview : signs and pains of maturity-SHG-bank linkage programme : continuing with consolidation-Microfinance institutions : coming of age-The tough classrooms of Karnataka : lessons on customer protection and competition-Policy environment of microfinance : need for change-Human resources and capacity building-Micro-insurance in a macro market-Technology in microfinance and inclusion -Financial inclusion-Future agenda : dealing with challenges of growth. |
| 650 #0 - SUBJECT ADDED ENTRY--TOPICAL TERM | |
| Topical term or geographic name as entry element | Microfinance |
| Geographic subdivision | India |
| 9 (RLIN) | 36491 |
| 653 ## - INDEX TERM--UNCONTROLLED | |
| Resource For college | BAEPS, Business Administration |
| Arrived date list | November2014 |
| 655 ## - INDEX TERM--GENRE/FORM | |
| Form subdivision | |
| -- | 34232 |
| 942 ## - ADDED ENTRY ELEMENTS (KOHA) | |
| Source of classification or shelving scheme | Dewey Decimal Classification |
| Call number prefix | 332.0954 SRI |
| Withdrawn status | Item status | Source of classification or shelving scheme | Damaged status | Not for loan | Vendor | Home library | Current library | Shelving location | Date acquired | Source of acquisition | Cost, normal purchase price | Serial Enumeration / chronology | Total Checkouts | Full call number | Barcode | Date last seen | Cost, replacement price | Koha item type |
|---|---|---|---|---|---|---|---|---|---|---|---|---|---|---|---|---|---|---|
| Dewey Decimal Classification | Baccah | Central Library | Central Library | First floor | 11/11/2014 | 137.00 | 20677 | 332 SRI | 000036978 | 15/07/2025 | 171.25 | Book - Borrowing |